טוען...
The public papers of Chief Justice
| מחבר ראשי: | |
|---|---|
| פורמט: | Printed Book |
| שפה: | English |
| יצא לאור: |
New York
Capricon Books
1966
|
| LEADER | 00484nam a22001457a 4500 | ||
|---|---|---|---|
| 003 | OSt | ||
| 008 | 100202t xxu||||| |||| 00| 0 eng d | ||
| 080 | |a 347.99 |b WAR | ||
| 100 | |a Warren, Earl |9 10484 | ||
| 245 | |a The public papers of Chief Justice |c edited by Henry M. Christman | ||
| 260 | |a New York |b Capricon Books |c 1966 | ||
| 300 | |a 306p. | ||
| 942 | |c BK |6 _ | ||
| 999 | |c 192179 |d 192179 | ||
| 952 | |0 0 |1 0 |4 0 |6 34799_WAR |7 0 |9 247670 |a SLS |b SLS |d 2010-02-02 |o 347.99 WAR |p SLS007620 |r 2010-02-02 |t 1 |w 2010-02-02 |y BK | ||